Una polémica sensacional

Gorde:
Xehetasun bibliografikoak
Egile nagusia: Maritain, Jacques (autor)
Formatua: Liburua
Hizkuntza:gaztelania
Argitaratua: Santiago Gutenberg Impresores 1944
Gaiak:
Etiketak: Etiketa erantsi
Etiketarik gabe, Izan zaitez lehena erregistro honi etiketa jartzen!

MARC

LEADER 00000nam a2200000 a 4500
001 UCV0871
003 CL-VaPUC
005 20210831074542.0
008 890615e19440000CL |||||||||||||||||spa|d
999 |c 209062  |d 209060 
040 |c Pontificia Universidad Católica de Valparaíso 
082 0 4 |a 194  |b MAR  |2 21 
100 |a Maritain, Jacques  |e autor  |9 255680 
245 1 4 |a Una polémica sensacional 
260 |a Santiago  |b Gutenberg Impresores  |c 1944 
300 |a 88 p 
583 |a last modification  |c 20120322 03:58:24  |k Rodrigo Vera 
600 |a Maritain, Jacques,  |d 1882-1973  |9 862881 
650 0 |a Crítica e interpretación   |9 255042 
942 |c BK  |2 ddc 
945 |d 19890615 00:00:00 
952 |0 0  |1 0  |2 ddc  |4 0  |6 194_000000000000000_MAR_1944  |7 0  |8 DER_TF  |9 184189  |a BIBDER  |b BIBDER  |d 2019-11-14  |i 2513447  |o 194 MAR 1944  |p 2513447  |r 2023-01-25  |w 2019-11-14  |x Ubicación 4to Piso  |y MX  |z Estos recursos deben solicitarse con anticipación  |k DER